[Event "Agosto de Victorias op"]
[Site "Mayabeque"]
[Date "2018.08.07"]
[Round "8"]
[White "Garcia Benitez, Omar"]
[Black "Gonzalez Ochoa, Yoana"]
[Result "0-1"]
[WhiteElo "1956"]
[BlackElo "2057"]
[PlyCount "72"]
[EventDate "2018.08.04"]
[EventType "swiss"]
[EventRounds "9"]
[EventCountry "CUB"]
[SourceTitle "EXT 2021"]
[Source "ChessBase"]
[SourceDate "2020.10.23"]
[SourceVersion "1"]
[SourceVersionDate "2020.10.23"]
[SourceQuality "1"]

1. d4 d5 2. c4 c6 3. Nc3 Nf6 4. cxd5 cxd5 5. Nf3 Nc6 6. Bf4 a6 7. Rc1 Bf5 8. e3 e6 9. Bd3 Bxd3 10. Qxd3 Be7 11. 0-0 0-0 12. Rfd1 Rc8 13. Ne5 Nxe5 14. Bxe5 Nd7 15. Bg3 b5 16. e4 Nb6 17. b3 Qd7 18. e5 Ba3 19. Rc2 Rc6 20. Nb1 Bb4 21. Rdc1 Rfc8 22. a3 Be7 23. f4 a5 24. Be1 a4 25. Kf2 axb3 26. Qxb3 Rc4 27. Bd2 Qc6 28. Rc3 Na4 29. Rxc4 bxc4 30. Qa2 Rb8 31. Rc2 Qb6 32. Nc3 Nb2 33. Ke3 Nd3 34. g3 Qxd4+ 35. Kf3 Qf2+ 36. Kg4 Nxe5+ 0-1

[Event "Agosto de Victorias op"]
[Site "Mayabeque"]
[Date "2018.08.07"]
[Round "7"]
[White "Gonzalez Ramos, Eduardo"]
[Black "Garcia Benitez, Omar"]
[Result "1-0"]
[WhiteElo "2120"]
[BlackElo "1956"]
[PlyCount "101"]
[EventDate "2018.08.04"]
[EventType "swiss"]
[EventRounds "9"]
[EventCountry "CUB"]
[SourceTitle "EXT 2021"]
[Source "ChessBase"]
[SourceDate "2020.10.23"]
[SourceVersion "1"]
[SourceVersionDate "2020.10.23"]
[SourceQuality "1"]

1. e4 e5 2. Nf3 Nc6 3. Bc4 Be7 4. 0-0 Nf6 5. Qe2 0-0 6. c3 d6 7. h3 Na5 8. Re1 Nxc4 9. Qxc4 Nh5 10. d4 Be6 11. Qa4 f6 12. Nbd2 Nf4 13. Qc2 Qc8 14. Nf1 g5 15. Kh2 Rf7 16. Ng3 Bxh3 17. Bxf4 exf4 18. gxh3 fxg3+ 19. fxg3 Qe6 20. d5 Qd7 21. Nd4 Bf8 22. Qb3 c6 23. Rf1 Re8 24. Ne6 Bg7 25. Rf2 c5 26. Raf1 h6 27. e5 c4 28. Qc2 dxe5 29. Qg6 Rxe6 30. dxe6 Qxe6 31. Rd2 Rd7 32. Rfd1 Qf7 33. Qxf7+ Rxf7 34. Rd7 Bf8 35. g4 Be7 36. Rxb7 Kf8 37. Rdd7 e4 38. Kg2 Ke8 39. Rxa7 e3 40. Kf3 f5 41. Rxe7+ Rxe7 42. Rxe7+ Kxe7 43. gxf5 Kf6 44. b4 Kxf5 45. a4 h5 46. a5 Ke5 47. a6 g4+ 48. hxg4 h4 49. a7 h3 50. a8Q h2 51. Kxe3 1-0

[Event "Agosto de Victorias op"]
[Site "Mayabeque"]
[Date "2018.08.06"]
[Round "6"]
[White "Garcia Benitez, Omar"]
[Black "Perez Draguich, Jorge Luis"]
[Result "1-0"]
[WhiteElo "1956"]
[BlackElo "1945"]
[PlyCount "75"]
[EventDate "2018.08.04"]
[EventType "swiss"]
[EventRounds "9"]
[EventCountry "CUB"]
[SourceTitle "EXT 2021"]
[Source "ChessBase"]
[SourceDate "2020.10.23"]
[SourceVersion "1"]
[SourceVersionDate "2020.10.23"]
[SourceQuality "1"]

1. d4 Nf6 2. c4 e6 3. Nf3 b6 4. g3 Ba6 5. b3 Bb4+ 6. Bd2 Bxd2+ 7. Nbxd2 Bb7 8. Bg2 0-0 9. 0-0 d6 10. Re1 c5 11. e4 Na6 12. d5 exd5 13. exd5 Bc8 14. Ne4 Bg4 15. h3 Bh5 16. Qd2 Nxe4 17. Rxe4 Qf6 18. Rae1 Bxf3 19. Rf4 Qh6 20. Bxf3 Rfe8 21. Bg2 Re5 22. Qd1 Rae8 23. Rxe5 Rxe5 24. Qg4 g5 25. Rf5 Rxf5 26. Qxf5 Nb8 27. Be4 Qg7 28. Qc8+ Qf8 29. Qc7 Kg7 30. Bf5 Kf6 31. g4 h6 32. Bc8 Qe7 33. Qxb8 Qe1+ 34. Kg2 Qe4+ 35. Kf1 Qd3+ 36. Kg1 Qd1+ 37. Kg2 Ke5 38. Bf5 1-0

[Event "Agosto de Victorias op"]
[Site "Mayabeque"]
[Date "2018.08.06"]
[Round "5"]
[White "Gonzalez Munoz, Ariel"]
[Black "Garcia Benitez, Omar"]
[Result "0-1"]
[WhiteElo "2120"]
[BlackElo "1956"]
[PlyCount "88"]
[EventDate "2018.08.04"]
[EventType "swiss"]
[EventRounds "9"]
[EventCountry "CUB"]
[SourceTitle "EXT 2021"]
[Source "ChessBase"]
[SourceDate "2020.10.23"]
[SourceVersion "1"]
[SourceVersionDate "2020.10.23"]
[SourceQuality "1"]

1. Nf3 Nf6 2. d4 g6 3. g3 b6 4. Bg2 Bb7 5. c4 d6 6. Nc3 Nbd7 7. Qc2 Bg7 8. e4 e5 9. d5 0-0 10. 0-0 a5 11. b3 Nc5 12. Bb2 Ng4 13. a3 Bc8 14. b4 Nb7 15. h3 Nh6 16. Nb5 f5 17. Nd2 f4 18. g4 Nf7 19. f3 Bf6 20. Nb3 Bh4 21. Bc3 Bd7 22. Be1 Bxe1 23. Rfxe1 Bxb5 24. cxb5 Qd7 25. Bf1 h5 26. Rec1 Rac8 27. Qc6 Qe7 28. Qxb7 Qh4 29. Ra2 Ng5 30. Bg2 Qg3 31. Kh1 Nxf3 32. Bxf3 Qxf3+ 33. Rg2 Qxh3+ 34. Kg1 f3 35. Rh2 Qg3+ 36. Kh1 f2 37. Nd2 Rce8 38. Qc6 Qe3 39. Qc2 Rf3 40. Nf1 Qf4 41. Qxc7 Qxg4 42. Rg2 Rh3+ 43. Nh2 Rxh2+ 44. Rxh2 Qf3+ 0-1

[Event "Agosto de Victorias op"]
[Site "Mayabeque"]
[Date "2018.08.05"]
[Round "3"]
[White "Gutierrez Espinosa, Karen"]
[Black "Garcia Benitez, Omar"]
[Result "1-0"]
[WhiteElo "2061"]
[BlackElo "1956"]
[PlyCount "67"]
[EventDate "2018.08.04"]
[EventType "swiss"]
[EventRounds "9"]
[EventCountry "CUB"]
[SourceTitle "EXT 2021"]
[Source "ChessBase"]
[SourceDate "2020.10.23"]
[SourceVersion "1"]
[SourceVersionDate "2020.10.23"]
[SourceQuality "1"]

1. e4 e5 2. Nf3 Nc6 3. Bb5 a6 4. Ba4 Nf6 5. Qe2 b5 6. Bb3 Bc5 7. c3 0-0 8. 0-0 d6 9. h3 Be6 10. Bc2 Nd7 11. Rd1 Qf6 12. d3 Qg6 13. Kh2 f5 14. d4 Bc4 15. Qe1 exd4 16. exf5 Qf6 17. Bg5 Qf7 18. cxd4 Rae8 19. Be3 Nb4 20. Qd2 Nxc2 21. Qxc2 Bb6 22. g4 Bd5 23. Ng5 Qf6 24. Nc3 Ba8 25. Qb3+ Kh8 26. Ne6 Ne5 27. dxe5 Qxe5+ 28. Bf4 Rxe6 29. Bxe5 Rxe5 30. Re1 Bxf2 31. Rxe5 dxe5 32. Rd1 e4 33. Qf7 Rc8 34. Rd7 1-0

[Event "Havana Province-ch final 1st Cat"]
[Site "San Nicolas de Bari"]
[Date "2009.10.11"]
[Round "9"]
[White "Garcia Benitez, Omar"]
[Black "Salgado Segui, Roberto"]
[Result "0-1"]
[WhiteElo "1877"]
[BlackElo "2176"]
[PlyCount "90"]
[EventDate "2009.10.05"]
[EventType "tourn"]
[EventRounds "11"]
[EventCountry "CUB"]
[SourceTitle "EXT 2019"]
[Source "ChessBase"]
[SourceDate "2018.10.10"]
[SourceVersion "1"]
[SourceVersionDate "2018.10.10"]
[SourceQuality "1"]

1. Nf3 Nf6 2. g3 b6 3. b3 Bb7 4. Bg2 e6 5. c4 c5 6. 0-0 Be7 7. Bb2 d6 8. Nc3 Nbd7 9. Re1 a6 10. e4 Qc7 11. d4 cxd4 12. Qxd4 0-0 13. Rad1 Rfd8 14. h3 Rac8 15. Re2 h5 16. h4 Ne5 17. Red2 Nfg4 18. Na4 b5 19. cxb5 axb5 20. Nc3 Bf6 21. Nxb5 Nxf3+ 22. Bxf3 Bxd4 23. Nxc7 Bxb2 24. Nxe6 fxe6 25. Rxb2 Nf6 26. Rd4 g6 27. b4 e5 28. Rdd2 Bxe4 29. Bxe4 Nxe4 30. Rd3 d5 31. a4 Nc3 32. a5 Nb5 33. f3 d4 34. Kg2 Rc3 35. Rdd2 Kf7 36. Re2 Kf6 37. g4 hxg4 38. fxg4 Rh8 39. Rf2+ Ke6 40. g5 Rxh4 41. Rf6+ Kd5 42. Rxg6 Rg4+ 43. Kf2 e4 44. Kf1 e3 45. Rb1 Rc2 0-1

[Event "Havana Province-ch sf 1st Cat"]
[Site "San Nicolas de Bari"]
[Date "2009.09.19"]
[Round "9"]
[White "Garcia Benitez, Omar"]
[Black "Gonzalez Acosta, Leonardo"]
[Result "0-1"]
[WhiteElo "1877"]
[BlackElo "2055"]
[PlyCount "56"]
[EventDate "2009.09.14"]
[EventType "swiss"]
[EventRounds "9"]
[EventCountry "CUB"]
[SourceTitle "EXT 2019"]
[Source "ChessBase"]
[SourceDate "2018.10.10"]
[SourceVersion "1"]
[SourceVersionDate "2018.10.10"]
[SourceQuality "1"]

1. d4 d5 2. c4 Nf6 3. Nc3 e6 4. cxd5 exd5 5. Nf3 Be7 6. Bg5 0-0 7. Qc2 Bg4 8. Ne5 Bh5 9. Qb3 Nc6 10. e3 Na5 11. Qc2 c5 12. dxc5 d4 13. Nd1 Qd5 14. exd4 Qxd4 15. Qc3 Qe4+ 16. Ne3 Nd5 17. Bd3 Bxg5 18. Bxe4 Nxc3 19. bxc3 Bxe3 20. fxe3 Rfe8 21. Bxb7 Nxb7 22. Nd7 Rac8 23. Kf2 Nxc5 24. Nxc5 Rxc5 25. Rac1 Rf5+ 26. Kg3 Rxe3+ 27. Kh4 Be2 28. g4 g5+ 0-1

[Event "Havana Province-ch sf 1st Cat"]
[Site "San Nicolas de Bari"]
[Date "2009.09.17"]
[Round "6"]
[White "Montero Fernandez, Reynier"]
[Black "Garcia Benitez, Omar"]
[Result "1/2-1/2"]
[WhiteElo "2133"]
[BlackElo "1877"]
[PlyCount "28"]
[EventDate "2009.09.14"]
[EventType "swiss"]
[EventRounds "9"]
[EventCountry "CUB"]
[SourceTitle "EXT 2019"]
[Source "ChessBase"]
[SourceDate "2018.10.10"]
[SourceVersion "1"]
[SourceVersionDate "2018.10.10"]
[SourceQuality "1"]

1. e4 e5 2. d4 d5 3. Nd2 dxe4 4. Nxe4 Nd7 5. Nf3 Ngf6 6. Bd3 Be7 7. Qe2 c5 8. Nxc5 Nxc5 9. dxc5 Qa5+ 10. Bd2 Qxc5 11. 0-0 0-0 12. Rfd1 Bd7 13. Nxe5 Bc6 14. c4 Qd4 1/2-1/2